| 000 | 00842nam a2200241Ia 4500 | ||
|---|---|---|---|
| 005 | 20220317001217.0 | ||
| 008 | 160825s2003 ck a g 000 0 spa | ||
| 020 | _a9586533603 | ||
| 082 | 0 | 4 |
_a362.88 _bS15h |
| 100 | 1 |
_aSampedro Arrubla, Julio Andrés _d1960- |
|
| 245 | 1 | 3 |
_aLa humanización del proceso penal _buna propuesta desde la victimología _cJulio Andrés Sampedro Arrubla |
| 250 | _a1a. edición | ||
| 300 |
_a336 páginas _bilustraciones _c24 cm |
||
| 650 | 1 | 4 |
_2LEMB _aVictimas (Derecho penal) |
| 650 | 1 | 4 |
_2LEMB _aProcedimiento penal _zColombia |
| 650 | 1 | 4 |
_2LEMB _aReparación (Justicia penal) _zColombia |
| 942 |
_2ddc _cBK |
||
| 264 |
_aBogotá _bLegis _c2003 |
||
| 336 |
_atexto _btxt _2rdacontent |
||
| 337 |
_asin mediación _bn _2rdamedia |
||
| 338 |
_avolumen _bnc _2rdacarrier |
||
| 040 |
_aCO-BoRNBP _bspa _erda _cCO-BoRNBP |
||
| 999 |
_c6256 _d6256 |
||